[Event "Ruhrgebiet Verbandsliga Gruppe 2 1819"]
[Site "Nordrheinwestfalen"]
[Date "2019.05.05"]
[Round "9.2"]
[White "Roth, Markus"]
[Black "Fuest, Torsten"]
[Result "1-0"]
[WhiteElo "2175"]
[BlackElo "1871"]
[PlyCount "77"]
[EventDate "2018.09.23"]
[EventType "team-tourn"]
[EventRounds "9"]
[EventCountry "GER"]
[SourceTitle "EXT 2022"]
[Source "ChessBase"]
[SourceDate "2021.10.06"]
[SourceVersion "1"]
[SourceVersionDate "2021.10.06"]
[SourceQuality "1"]
[WhiteTeam "Essen Werden"]
[BlackTeam "Boenen SV"]
[WhiteTeamCountry "GER"]
[BlackTeamCountry "GER"]

1. Nf3 Nf6 2. c4 d6 3. g3 g6 4. d4 Bg7 5. Bg2 0-0 6. Nc3 Nc6 7. 0-0 a6 8. b3 e5 9. dxe5 dxe5 10. Ba3 Re8 11. Qxd8 Rxd8 12. Rad1 Re8 13. e3 e4 14. Nd2 Bg4 15. Rc1 Bf5 16. Nd5 Rad8 17. Nxf6+ Bxf6 18. Rfd1 Bg4 19. Nxe4 Rxd1+ 20. Rxd1 Rxe4 21. f3 Rxe3 22. fxg4 Re2 23. Bc5 Rxa2 24. Rd7 Ra1+ 25. Bf1 Ne5 26. Rxc7 Rd1 27. Rxb7 Nxg4 28. Rb8+ Rd8 29. Rxd8+ Bxd8 30. b4 Ne5 31. Bd6 Nf3+ 32. Kf2 Nd2 33. Bd3 a5 34. bxa5 Bxa5 35. c5 Bb4 36. Be7 Nb3 37. c6 Bc5+ 38. Bxc5 Nxc5 39. c7 1-0

[Event "Ruhrgebiet Verbandsliga Gruppe 1 1718"]
[Site "Germany"]
[Date "2017.11.05"]
[Round "3.3"]
[White "Kremer, Moritz"]
[Black "Fuest, Torsten"]
[Result "1/2-1/2"]
[WhiteElo "1857"]
[BlackElo "1888"]
[PlyCount "115"]
[EventDate "2017.09.17"]
[EventType "team-tourn"]
[EventRounds "9"]
[EventCountry "GER"]
[SourceTitle "EXT 2022"]
[Source "ChessBase"]
[SourceDate "2021.10.06"]
[SourceVersion "1"]
[SourceVersionDate "2021.10.06"]
[SourceQuality "1"]
[WhiteTeam "Muelheim Nord IV"]
[BlackTeam "Boenen SV"]
[WhiteTeamCountry "GER"]
[BlackTeamCountry "GER"]

1. Nf3 Nf6 2. g3 g6 3. b3 Bg7 4. Bb2 0-0 5. Bg2 d6 6. d3 e5 7. Nbd2 Nbd7 8. 0-0 a5 9. a3 Nc5 10. d4 exd4 11. Bxd4 Re8 12. e3 Bd7 13. Ne1 Bg4 14. Ndf3 Qc8 15. Qc1 Nce4 16. c4 g5 17. Nc2 Qf5 18. Nd2 Be2 19. Nxe4 Nxe4 20. Bxe4 Qxe4 21. Re1 Bg4 22. Qd2 Bh3 23. f4 Bh6 24. Bf6 Qg6 25. fxg5 Bxg5 26. Bxg5 Qxg5 27. Re2 Re5 28. Qd4 Qe7 29. Rae1 Re8 30. Qf4 Re4 31. Qh6 Qe6 32. Qxe6 R8xe6 33. Nd4 Re7 34. Kf2 Bg4 35. Rd2 R7e5 36. Nb5 Rc5 37. Nc3 Re6 38. Rd5 Rxd5 39. Nxd5 c6 40. Nf4 Rf6 41. e4 Kf8 42. b4 axb4 43. axb4 Be6 44. c5 Bc4 45. e5 dxe5 46. Rxe5 Bd3 47. Ke3 Bb1 48. Kd4 Ba2 49. Rh5 Bb1 50. Ke5 Ke7 51. g4 Bc2 52. Rh3 Bb1 53. Rb3 Bc2 54. Rc3 Bb1 55. h4 h5 56. Nxh5 Re6+ 57. Kf4 Re4+ 58. Kg3 1/2-1/2

[Event "Ruhrgebiet Verbandsklasse Gruppe 2 1516"]
[Site "Germany"]
[Date "2015.09.06"]
[Round "1.3"]
[White "Bauriedel, Friedrich"]
[Black "Fuest, Torsten"]
[Result "0-1"]
[WhiteElo "1837"]
[BlackElo "1924"]
[PlyCount "64"]
[EventDate "2015.09.06"]
[EventType "team-tourn"]
[EventRounds "9"]
[EventCountry "GER"]
[SourceTitle "EXT 2022"]
[Source "ChessBase"]
[SourceDate "2021.10.06"]
[SourceVersion "1"]
[SourceVersionDate "2021.10.06"]
[SourceQuality "1"]
[WhiteTeam "Essen SK Germania Kupferdreh"]
[BlackTeam "Boenen SV"]
[WhiteTeamCountry "GER"]
[BlackTeamCountry "GER"]

1. c4 c5 2. Nc3 Nc6 3. g3 g6 4. Bg2 Bg7 5. d3 Nf6 6. e4 0-0 7. Nge2 d6 8. 0-0 Ne8 9. Rb1 Nc7 10. Be3 Ne6 11. Qd2 Rb8 12. a3 Ned4 13. b4 Nxe2+ 14. Nxe2 cxb4 15. axb4 b5 16. f4 Bg4 17. Rfc1 Qd7 18. Nc3 bxc4 19. dxc4 Nxb4 20. Nb5 a5 21. Bd4 Rfc8 22. Bxg7 Kxg7 23. f5 gxf5 24. Nd4 fxe4 25. Bxe4 Rc5 26. Rf1 f6 27. Qf4 Rxc4 28. Bf5 Rxd4 29. Qxd4 Bxf5 30. Rb2 Nc2 31. Qc3 Rxb2 32. Qxb2 a4 0-1

[Event "Ruhrgebiet Verbandsklasse Gruppe 3 1415"]
[Site "Germany"]
[Date "2014.12.14"]
[Round "4.3"]
[White "Herrmann, Uwe"]
[Black "Fuest, Torsten"]
[Result "0-1"]
[WhiteElo "1926"]
[BlackElo "1903"]
[PlyCount "90"]
[EventDate "2014.09.21"]
[EventType "team-tourn"]
[EventRounds "9"]
[EventCountry "GER"]
[SourceTitle "EXT 2022"]
[Source "ChessBase"]
[SourceDate "2021.10.06"]
[SourceVersion "1"]
[SourceVersionDate "2021.10.06"]
[SourceQuality "1"]
[WhiteTeam "Annen Sport Union"]
[BlackTeam "Boenen SV"]
[WhiteTeamCountry "GER"]
[BlackTeamCountry "GER"]

1. d4 Nf6 2. c4 g6 3. Nc3 Bg7 4. e4 d6 5. f3 0-0 6. Be3 Nc6 7. Qd2 e5 8. Nge2 a6 9. a3 exd4 10. Nxd4 Ne5 11. Be2 Rb8 12. 0-0 c5 13. Nc2 Be6 14. Nd5 Nxd5 15. exd5 Bd7 16. Bg5 f6 17. Bh4 b5 18. Ne3 Qb6 19. Rab1 f5 20. f4 Nf7 21. Kh1 Rfe8 22. Bd3 Kh8 23. Rfe1 Nh6 24. Bf2 b4 25. h3 Ng8 26. Nf1 Rxe1 27. Bxe1 a5 28. axb4 cxb4 29. Bf2 Bd4 30. Bxd4+ Qxd4 31. b3 Nf6 32. Qb2 Qc3 33. Qxc3 bxc3 34. g3 Ne4 35. Kg2 Rb4 36. Ne3 Nd2 37. Rc1 Rxb3 38. Nd1 a4 39. Nxc3 a3 40. Kf2 a2 41. Nxa2 Rxd3 42. Ke2 Rxg3 43. c5 Nb3 44. c6 Nxc1+ 45. Kf2 Bc8 0-1

[Event "Ruhrgebiet VK2 1213"]
[Site "Nordrheinwestfalen"]
[Date "2012.12.02"]
[Round "4.3"]
[White "Stremmel, Ralf"]
[Black "Fuest, Torsten"]
[Result "1-0"]
[WhiteElo "1991"]
[BlackElo "1932"]
[PlyCount "63"]
[EventDate "2012.09.02"]
[EventType "team-tourn"]
[EventRounds "9"]
[EventCountry "GER"]
[SourceTitle "EXT 2020"]
[Source "ChessBase"]
[SourceDate "2019.10.17"]
[SourceVersion "1"]
[SourceVersionDate "2019.10.17"]
[SourceQuality "1"]
[WhiteTeam "Katernberg SF III"]
[BlackTeam "Boenen SV"]
[WhiteTeamCountry "GER"]
[BlackTeamCountry "GER"]

1. e4 d6 2. d4 Nf6 3. Nc3 g6 4. Bg5 c6 5. Nf3 Bg7 6. Be2 h6 7. Bh4 Qa5 8. 0-0 g5 9. Bg3 Nh5 10. Bc4 0-0 11. Ne2 Nd7 12. c3 Ndf6 13. e5 Ne4 14. exd6 exd6 15. Nd2 Nhxg3 16. Nxg3 Nxg3 17. fxg3 g4 18. Bd3 Be6 19. Ne4 Qd8 20. Qe2 Qe7 21. Rae1 Rfe8 22. Nd2 Qg5 23. Qf2 d5 24. Nb3 b6 25. Nc1 Rad8 26. Bb1 Rd7 27. Nd3 Rde7 28. a3 Bc8 29. Nb4 Bb7 30. Nd3 Ba6 31. h4 Qh5 32. Nf4 1-0

[Event "Ruhrgebiet VK2 1213"]
[Site "Nordrheinwestfalen"]
[Date "2012.10.28"]
[Round "3"]
[White "Fuest, Torsten"]
[Black "Panofen, Ingo"]
[Result "1-0"]
[WhiteElo "1932"]
[BlackElo "1912"]
[PlyCount "89"]
[EventDate "2012.09.02"]
[EventType "team-tourn"]
[EventRounds "9"]
[EventCountry "GER"]
[SourceTitle "EXT 2020"]
[Source "ChessBase"]
[SourceDate "2019.10.17"]
[SourceVersion "1"]
[SourceVersionDate "2019.10.17"]
[SourceQuality "1"]
[WhiteTeam "Boenen SV"]
[BlackTeam "Castrop Rauxel II"]
[WhiteTeamCountry "GER"]
[BlackTeamCountry "GER"]

1. d4 d5 2. Bf4 Nf6 3. e3 Nbd7 4. Nd2 c5 5. c3 e6 6. Bd3 Be7 7. h3 b6 8. Ngf3 Bb7 9. Ne5 Nxe5 10. dxe5 Nd7 11. Qg4 g6 12. h4 Qc7 13. Qg3 0-0-0 14. e4 c4 15. exd5 Bxd5 16. Be2 Nc5 17. Nxc4 Ne4 18. Qd3 Bc5 19. Ne3 Bb7 20. Qc4 Nd2 21. Qa4 Bxe3 22. Bxe3 Bxg2 23. Rg1 Nf3+ 24. Bxf3 Bxf3 25. Qf4 Qb7 26. Bd4 h5 27. Rg3 Bg4 28. f3 Bf5 29. Rg2 Rd7 30. Rd2 Rhd8 31. Rad1 Qa6 32. b3 Qb5 33. Qe3 Qc6 34. Kf2 Kb7 35. a4 a6 36. Ra1 Rd5 37. Rda2 a5 38. Rb2 Ra8 39. b4 axb4 40. Rxb4 b5 41. c4 Rd7 42. axb5 Qc8 43. Ba7 Qd8 44. c5 Qxh4+ 45. Rxh4 1-0